000 00854nam a22002297a 4500
999 _c3509
_d3509
003 AR-CdUCM
008 190306b ||||| |||| 00| 0 spa d
040 _aMUNICIPALIDAD PROVINCIAL DEL CUSCO
_cBIBLIOTECA MUNICIPAL DEL CUSCO
082 _a822 /
_bN85
100 _aNovo, Salvador
_911521
245 _aEl teatro ingles /
260 _aMéxico :
_bTalleres de la Offset de la COFAA,
_c1978.
300 _a39 páginas ;
_c25.5 cm.
440 _aCuadernos Politécnicos de Ciencia y Cultura
_n : 3
_911522
505 _aContenido: Salvador Novo en tres tiempos y una coda -- Ensayo sobre le teatro británico ...
650 _aTeatro Ingles - Ensayo
_911523
650 _aTeatro británico - Crítica, Análisis
_911524
650 _aSalvador Novo (Mexicano)
_911525
700 _aRamos, Raymundo
_911472
942 _2ddc
_cLIBROS
945 _alccs